Administración financiera : teoría financiera y valuación /
Guardado en:
| Autor Principal: | |
|---|---|
| Formato: | Libro |
| Idioma: | Spanish |
| Publicado: |
Bahía Blanca, Argentina :
Induvio Editora,
2009.
|
| Edición: | 1a. ed. |
| Materias: | |
| Etiquetas: |
Agregar Etiqueta
Sin Etiquetas, Sea el primero en etiquetar este registro!
|
| LEADER | 00799nam a22002175a 4500 | ||
|---|---|---|---|
| 001 | EUN.eunm003003 | ||
| 005 | 20161205190052.0 | ||
| 008 | 100224s2009####ag#a#####b####000#0#spa#d | ||
| 020 | |a 9789871519064 (ISBN 13) | ||
| 082 | 0 | 4 | |a 658.15 |2 21 |
| 100 | 1 | |a Milanesi, Gastón S. |q (Gastón Silverio) | |
| 245 | 1 | 0 | |a Administración financiera : |b teoría financiera y valuación / |c Gastón Milanesi. |
| 250 | |a 1a. ed. | ||
| 260 | |a Bahía Blanca, Argentina : |b Induvio Editora, |c 2009. | ||
| 300 | |a 218 p. : |b il. ; |c 26 cm. + |e 1 CD-ROM. | ||
| 504 | |a Incluye referencias bibliográficas. | ||
| 650 | 7 | |a Administración de empresas. |2 unbist | |
| 650 | 7 | |a Inversiones. |2 unbist | |
| 650 | 7 | |a Riesgo. |2 unbist | |
| 650 | 7 | |a Valoración financiera. |2 isoc | |
| 859 | |a AR-BaUNS |b BIB. CENTRAL - Sector A |h 658.15 |i M59 |p 121315/010 | ||
